Normal view
MARC view
Entry Personal Name
001 - CONTROL NUMBER
- control field: 8086
003 - CONTROL NUMBER IDENTIFIER
- control field: OSt
005 - DATE AND TIME OF LATEST TRANSACTION
- control field: 20211028144346.0
008 - FIXED-LENGTH DATA ELEMENTS
- fixed length control field: 211028|| aca||aabn | a|a d
040 ## - CATALOGING SOURCE
- Original cataloging agency: OSt
- Transcribing agency: OSt
100 ## - HEADING--PERSONAL NAME
- Personal name: Dmello, Michelle Risha;Dsouza, Lestan
- Miscellaneous information: 1716108
670 ## - SOURCE DATA FOUND
- Source citation: Work cat.: (OSt): Dmello, Michelle Risha;Dsouza, Lestan 1716108, Eefectiveness of training and development at OMPL, Mangalore., 2019